JR東日本E217系駅名対照表クイズ - Statistics

General Stats
  • This quiz has been taken 56 times
  • The average score is 33 of 51
Answer Stats
番号 % Correct
13 久里浜
96%
19 品川
96%
20 東京
96%
22 千葉
96%
14 横須賀
93%
06 快速
91%
17 大船
91%
18 横浜
91%
01 回送
89%
15 逗子
89%
16 鎌倉
89%
21 津田沼
87%
35 成田
87%
36 成田空港
87%
02 試運転
85%
05 普通
85%
32 上総一ノ宮
85%
41 成東
83%
34 佐倉
80%
08 特別快速
78%
24 木更津
78%
25 君津
78%
38 鹿島神宮
78%
04 団体
76%
07 通勤快速
76%
33 茂原
76%
03 臨時
74%
26 館山
74%
37 佐原
72%
31 大原
67%
30 勝浦
65%
40 八街
61%
23 姉ケ崎
59%
27 千倉
59%
39 新宿
50%
50 エアポート成田成田空港
48%
43 通勤快速大船
41%
54 通勤快速東京
41%
58 特別快速館山
41%
59 特別快速東京
39%
42 通勤快速逗子
37%
55 通勤快速成田
37%
45 通勤快速久里浜
35%
44 通勤快速横須賀
33%
47 大崎
30%
51 特別快速エアポート成田成田空港
28%
52 特別快速エアポート成田東京
26%
57 特別快速木更津
22%
53 特別快速エアポート成田大船
17%
28 安房鴨川(木更津回り)
11%
29 安房鴨川(勝浦回り)
11%
No matching quizzes found
Score Distribution
Percent of People with Each Score
Percentile by Number Answered
Your Score History
You have not taken this quiz